00503nam a22001577a 450000500170000000800410001702000180005804100120007608200150008810000120010324501100011525000200022526000470024530000280029265000250032020241003061513.0241003b |||||||| |||| 00| 0 eng d a9781485150251 aEnglish a344.1 AWA  lEnglish aGeneral Principles on Workplace Disciplinary Procedures: A Namibian Perspective / cM Awarab and C Mukaya aFirst Edition  aCape Town: bJuta and Company Ltd, c2023  bx, 142 pages; c26 cm.  aLegal practice bLaw